Testovacie pracovisko s Kawasaki robotom

Uložené v:
Podrobná bibliografia
Hlavný autor: Herčút, Patrik (Autor)
Ďalší autori: Körösi, Ladislav (Vedúci práce)
Médium: Rukopis Kniha
Jazyk:Slovak
Vydavateľské údaje: Bratislava : STU v Bratislave FEI, 2021
Predmet:
On-line prístup:https://opac.crzp.sk/?fn=detailBiblioForm&sid=7E417B54B864B7C45826FB4635AB&seo=CRZP-detail-kniha
Tagy: Pridať tag
Žiadne tagy, Buďte prvý, kto otaguje tento záznam!

MARC

LEADER 00000ntm a22000003a 4500
001 stuzp82660
003 SK-STU
005 20211201134818.6
007 ta
008 150427s2015----xo-----f-mn---000-0-slo-d
040 |a STU  |b slo 
041 0 |a slo 
044 |a xo 
100 1 |a Herčút, Patrik  |u 031000  |4 aut  |U FEI Fakulta elektrotechniky a informatiky  |T FEI Ústav robotiky a kybernetiky  |X 86428  |U E011  |Y 356  |7 86428 
242 0 1 |a Test Workspace with Kawasaki Robot  |y eng 
245 1 0 |a Testovacie pracovisko s Kawasaki robotom 
260 |a Bratislava :  |b STU v Bratislave FEI,  |c 2021 
300 |a 75 s., príl. 
650 4 |a EPLAN  |2 slo 
650 4 |a Kawasaki robot  |2 slo 
650 4 |a inšpekcia pneumatík  |2 slo 
650 4 |a koncepčný návrh  |2 slo 
650 4 |a tire inspection  |2 eng 
650 4 |a conceptual design  |2 eng 
650 4 |a EPLAN  |2 eng 
650 4 |a Kawasaki robot  |2 eng 
700 1 |a Körösi, Ladislav  |u 031000  |k Z1  |4 ths  |U FEI Fakulta elektrotechniky a informatiky  |T FEI Ústav robotiky a kybernetiky  |X 4960  |U E011  |Y 356  |7 A000004960 
856 4 |u https://opac.crzp.sk/?fn=detailBiblioForm&sid=7E417B54B864B7C45826FB4635AB&seo=CRZP-detail-kniha